Countries That Watch the Most Netflix (2026) - Statistics

General Stats
  • This quiz has been taken 35 times
  • The average score is 14 of 15
Answer Stats
Rank Active Users (2026) Country % Correct
9 9 Million Canada
100%
6 13.6 Million France
100%
5 13.9 Million Mexico
100%
🥇 66.7 Million United States
100%
🥉 16.6 Million Brazil
97%
15 5.7 Million Italy
97%
11 7.8 Million Spain
97%
🥈 18.4 Million United Kingdom
97%
4 16.6 Million Germany
94%
8 9 Million Japan
94%
7 12.4 Million India
91%
13 6.3 Million Argentina
84%
12 6.9 Million Australia
84%
10 8.4 Million South Korea
78%
14 6 Million Columbia
75%
No matching quizzes found
Score Distribution
Percent of People with Each Score
Percentile by Number Answered
Your Score History
You have not taken this quiz